សៀវភៅរៀន ស្រ:ជាភាសាខ្មែរ / (Record no. 8322)
[ view plain ]
| 000 -LEADER | |
|---|---|
| fixed length control field | 02025nam a22002297a 4500 |
| 001 - CONTROL NUMBER | |
| control field | 8322 |
| 003 - CONTROL NUMBER IDENTIFIER | |
| control field | FISKH |
| 005 - DATE AND TIME OF LATEST TRANSACTION | |
| control field | 20250909095115.0 |
| 008 - FIXED-LENGTH DATA ELEMENTS--GENERAL INFORMATION | |
| fixed length control field | 250909b cb ||||| |||| 00| 0 eng d |
| 040 ## - CATALOGING SOURCE | |
| Original cataloging agency | FISKH |
| Language of cataloging | khr |
| Transcribing agency | FISKH |
| Modifying agency | FISKH |
| 050 ## - LIBRARY OF CONGRESS CALL NUMBER | |
| Classification number | PZ7 |
| 082 ## - DEWEY DECIMAL CLASSIFICATION NUMBER | |
| Classification number | 591.7 |
| 100 ## - MAIN ENTRY--PERSONAL NAME | |
| Personal name | Anonymous |
| 245 ## - TITLE STATEMENT | |
| Title | សៀវភៅរៀន ស្រ:ជាភាសាខ្មែរ / |
| 260 ## - PUBLICATION, DISTRIBUTION, ETC. | |
| Place of publication, distribution, etc. | Phnom Penh : |
| Name of publisher, distributor, etc. | Obsok Books, |
| Date of publication, distribution, etc. | 2020. |
| 300 ## - PHYSICAL DESCRIPTION | |
| Extent | 24 pages : |
| Other physical details | color illustrations ; |
| Dimensions | 25 cm |
| 505 ## - FORMATTED CONTENTS NOTE | |
| Formatted contents note | NP<br/> |
| 520 ## - SUMMARY, ETC. | |
| Summary, etc. | រៀនស្រះ ជាសៀវភៅសិក្សាសម្រាប់កុមារ ដែលណែនាំអំពី សត្វ រុក្ខជាតិ និងប្រព័ន្ធអេកូឡូស្ថានក្នុងស្រះ។ តាមរយៈរូបភាពពណ៌ស្រស់ និងអត្ថបទសាមញ្ញជាភាសាខ្មែរ កុមារបានរៀនអំពី ត្រី ដង្ក្រា ព្រឹក្សកណ្តុរ សត្វល្អិត និងរុក្ខជាតិទឹក។ សៀវភៅនេះលើកស្ទួយការសង្កេត ការសួរសំណួរ និងការគោរពបរិស្ថាន ដើម្បីឲ្យកុមារយល់ពីការប្រតិបត្តិ និងទំនាក់ទំនងរវាងសត្វសាធារណៈ និងធម្មជាតិ។ |
| 520 ## - SUMMARY, ETC. | |
| Summary, etc. | Learning About the Pond is an educational book for children that introduces the plants, animals, and ecosystem of a pond. Through colorful illustrations and simple text in Khmer, children learn about fish, frogs, insects, aquatic plants, and the balance of nature in a freshwater habitat. The book encourages observation, curiosity, and respect for the environment, helping young readers understand how living things interact in their ecosystem. |
| 942 ## - ADDED ENTRY ELEMENTS (KOHA) | |
| Source of classification or shelving scheme | Dewey Decimal Classification |
| Koha item type | Khmer Books |
| Suppress in OPAC | No |
| Withdrawn status | Lost status | Source of classification or shelving scheme | Damaged status | Not for loan | Collection | Home library | Current library | Shelving location | Date acquired | Total Checkouts | Full call number | Barcode | Date last seen | Copy number | Price effective from | Koha item type |
|---|---|---|---|---|---|---|---|---|---|---|---|---|---|---|---|---|
| Dewey Decimal Classification | Khmer Language Books / សៀវភៅភាសាខ្មែរ | Footprints International School Library Network Toul Kork Campus | Footprints International School Library Network Toul Kork Campus | TK Old Khmer Books (Rear Hallway Shelf 3) | 09/09/2025 | ANO 591.7 PZ7 | 2025-4396 | 09/09/2025 | 1 | 09/09/2025 | Khmer Books |
